[Event "Poti op 14th"]
[Site "Poti"]
[Date "2019.07.20"]
[Round "9"]
[White "Manukyan, Aleks"]
[Black "Pluzyan, Aram"]
[Result "1-0"]
[WhiteElo "2097"]
[BlackElo "2087"]
[PlyCount "79"]
[EventDate "2019.07.13"]
[EventType "swiss"]
[EventRounds "9"]
[EventCountry "GEO"]
[SourceTitle "EXT 2020"]
[Source "ChessBase"]
[SourceDate "2019.10.17"]
[SourceVersion "1"]
[SourceVersionDate "2019.10.17"]
[SourceQuality "1"]

1. d4 Nf6 2. c4 e6 3. a3 Ne4 4. g3 d5 5. Bg2 f5 6. Nf3 c6 7. 0-0 Bd6 8. Qc2 Nd7 9. b4 b5 10. c5 Bc7 11. a4 Ba6 12. Na3 Qb8 13. Qd3 Qb7 14. axb5 Bxb5 15. Nxb5 Qxb5 16. Ra6 Nb8 17. Qxb5 cxb5 18. Rxe6+ Kd7 19. Re5 Bxe5 20. Nxe5+ Ke6 21. f3 Nf6 22. g4 g6 23. g5 Nfd7 24. e4 dxe4 25. fxe4 Nxe5 26. exf5+ gxf5 27. Re1 Nbd7 28. c6 Kf7 29. cxd7 Nxd7 30. Bd5+ Kg6 31. Re6+ Kf7 32. Rf6+ Ke7 33. Rf7+ Kd6 34. Rf6+ Ke7 35. Re6+ Kf7 36. Rf6+ Ke7 37. Rf7+ Kd6 38. Bxa8 Rxa8 39. Bf4+ Ke6 40. Rxh7 1-0

[Event "Poti op 14th"]
[Site "Poti"]
[Date "2019.07.16"]
[Round "5"]
[White "Khachatrian, Arbi"]
[Black "Pluzyan, Aram"]
[Result "0-1"]
[WhiteElo "1735"]
[BlackElo "2087"]
[PlyCount "132"]
[EventDate "2019.07.13"]
[EventType "swiss"]
[EventRounds "9"]
[EventCountry "GEO"]
[SourceTitle "EXT 2020"]
[Source "ChessBase"]
[SourceDate "2019.10.17"]
[SourceVersion "1"]
[SourceVersionDate "2019.10.17"]
[SourceQuality "1"]

1. e4 d5 2. exd5 Nf6 3. d4 Nxd5 4. c4 Nb6 5. Nc3 Nc6 6. d5 Ne5 7. Qd4 Ng6 8. c5 e5 9. Qd1 Bxc5 10. g3 Ne7 11. Bg2 Bb4 12. Nge2 Nexd5 13. Qc2 0-0 14. 0-0 c6 15. a3 Be7 16. b3 Be6 17. Bb2 f6 18. Rfd1 Qe8 19. Ne4 Qf7 20. Nc5 Bxc5 21. Qxc5 Nc7 22. Nc1 Rad8 23. Qc2 Rxd1+ 24. Qxd1 Qd7 25. Qxd7 Nxd7 26. Kf1 Nc5 27. Bc3 Nxb3 28. Nxb3 Bxb3 29. Rb1 Bc4+ 30. Ke1 Nb5 31. Bb4 Rd8 32. Be4 g6 33. g4 Rd7 34. f3 a6 35. a4 Nd4 36. Bc5 Ne6 37. Bb6 Kf7 38. Rb2 Ke7 39. h4 Bd5 40. Be3 Bxe4 41. fxe4 Nd4 42. Kf2 Kd6 43. Bd2 Kc5 44. Ke3 b5 45. a5 Kd6 46. Be1 c5 47. Rh2 b4 48. g5 f5 49. exf5 gxf5 50. h5 Kd5 51. g6 hxg6 52. hxg6 Rg7 53. Rg2 f4+ 54. Kf2 Ke6 55. Kf1 Kf5 56. Rh2 Rxg6 57. Rh7 Ke4 58. Rc7 Rc6 59. Rb7 Kd3 60. Bf2 e4 61. Bxd4 Kxd4 62. Rb6 Kd5 63. Rb8 c4 64. Ke2 c3 65. Kd1 c2+ 66. Kc1 f3 0-1

[Event "Poti op 14th"]
[Site "Poti"]
[Date "2019.07.14"]
[Round "2"]
[White "Ohanyan, Andrey"]
[Black "Pluzyan, Aram"]
[Result "0-1"]
[WhiteElo "1849"]
[BlackElo "2087"]
[PlyCount "106"]
[EventDate "2019.07.13"]
[EventType "swiss"]
[EventRounds "9"]
[EventCountry "GEO"]
[SourceTitle "EXT 2020"]
[Source "ChessBase"]
[SourceDate "2019.10.17"]
[SourceVersion "1"]
[SourceVersionDate "2019.10.17"]
[SourceQuality "1"]

1. Nf3 c5 2. b3 Nc6 3. Bb2 d6 4. e3 e5 5. d3 Be7 6. Nbd2 f5 7. a4 Be6 8. Nc4 Bf6 9. e4 g6 10. g3 Nh6 11. Qd2 Nf7 12. Bg2 Qc7 13. h4 d5 14. exd5 Bxd5 15. 0-0 0-0-0 16. Ng5 Bxg5 17. hxg5 Nd4 18. Bxd4 cxd4 19. Bxd5 Rxd5 20. f4 exf4 21. Qxf4 Qd8 22. Rfe1 Qxg5 23. Qxg5 Nxg5 24. Re7 Rd7 25. Re2 Kd8 26. a5 Re7 27. Rxe7 Kxe7 28. a6 b6 29. Re1+ Kd7 30. Kg2 Nf7 31. Na3 Rc8 32. Rh1 h5 33. Rh4 Rc5 34. Rxd4+ Kc6 35. Nc4 b5 36. b4 Rd5 37. Na5+ Kd6 38. Rxd5+ Kxd5 39. c4+ bxc4 40. dxc4+ Kd6 41. b5 Kc5 42. Nc6 Kb6 43. Ne7 Nd6 44. Nd5+ Ka5 45. c5 Nxb5 46. c6 Kxa6 47. Ne7 Kb6 48. Nxg6 Nd4 49. Kf2 Kxc6 50. Ke3 Kc5 51. Nf4 Kc4 52. Nxh5 a5 53. Nf4 Nb3 0-1

[Event "Poti op 14th"]
[Site "Poti"]
[Date "2019.07.13"]
[Round "1"]
[White "Pluzyan, Aram"]
[Black "Hagverdiyev, Gahraman"]
[Result "1-0"]
[WhiteElo "2087"]
[BlackElo "1687"]
[PlyCount "91"]
[EventDate "2019.07.13"]
[EventType "swiss"]
[EventRounds "9"]
[EventCountry "GEO"]
[SourceTitle "EXT 2020"]
[Source "ChessBase"]
[SourceDate "2019.10.17"]
[SourceVersion "1"]
[SourceVersionDate "2019.10.17"]
[SourceQuality "1"]

1. e4 e6 2. d4 d5 3. Nd2 Nf6 4. e5 Nfd7 5. Bd3 c5 6. c3 Nc6 7. Ne2 cxd4 8. cxd4 Qb6 9. Nf3 Bb4+ 10. Kf1 Nf8 11. g3 Bd7 12. Kg2 0-0-0 13. a3 Be7 14. b4 f6 15. Qc2 Kb8 16. exf6 gxf6 17. Bf4+ Ka8 18. b5 Nxd4 19. Nexd4 e5 20. Nxe5 fxe5 21. Bxe5 Bf6 22. Nf3 Bxe5 23. Nxe5 Be6 24. Rac1 Ng6 25. Rhe1 d4 26. Kg1 Qd6 27. Qc5 Qd5 28. Qxd5 Bxd5 29. f4 Rhg8 30. Nxg6 hxg6 31. h4 b6 32. Rc7 Rge8 33. Ree7 Rxe7 34. Rxe7 Rc8 35. Rd7 Rc3 36. Rxd5 Rxd3 37. Kf2 Rb3 38. a4 Rb4 39. Rd6 Rb2+ 40. Kf1 Rb1+ 41. Ke2 Rb2+ 42. Kd1 Rb4 43. Rxg6 Rxa4 44. h5 Ra1+ 45. Kd2 Rh1 46. h6 1-0

[Event "Yerevan op 2nd"]
[Site "Yerevan"]
[Date "2017.09.27"]
[Round "9"]
[White "Bagaturov, Giorgi"]
[Black "Pluzyan, Aram"]
[Result "1-0"]
[WhiteElo "2400"]
[BlackElo "2079"]
[PlyCount "53"]
[EventDate "2017.09.19"]
[EventType "swiss"]
[EventRounds "9"]
[EventCountry "ARM"]
[SourceTitle "EXT 2018"]
[Source "ChessBase"]
[SourceDate "2017.10.13"]
[SourceVersion "1"]
[SourceVersionDate "2017.10.13"]
[SourceQuality "1"]

1. d4 Nf6 2. Nf3 e6 3. c4 d5 4. Nc3 Be7 5. Bg5 Nbd7 6. e3 0-0 7. Rc1 dxc4 8. Bxc4 a6 9. a4 c5 10. 0-0 cxd4 11. Qxd4 Qa5 12. e4 Bc5 13. Qd2 Bb4 14. Qe2 h6 15. Bd2 Bxc3 16. Rxc3 Qxa4 17. b3 Qa3 18. e5 Nd5 19. Rd3 Qe7 20. Nd4 Kh8 21. Qh5 f5 22. Nxe6 Qxe6 23. Bxd5 Qe8 24. Qh4 Kh7 25. Rg3 Qxe5 26. Bc3 g5 27. Bxe5 1-0

[Event "Yerevan op 2nd"]
[Site "Yerevan"]
[Date "2017.09.25"]
[Round "7"]
[White "Li, Bo"]
[Black "Pluzyan, Aram"]
[Result "1-0"]
[WhiteElo "2330"]
[BlackElo "2079"]
[PlyCount "145"]
[EventDate "2017.09.19"]
[EventType "swiss"]
[EventRounds "9"]
[EventCountry "ARM"]
[SourceTitle "EXT 2018"]
[Source "ChessBase"]
[SourceDate "2017.10.13"]
[SourceVersion "1"]
[SourceVersionDate "2017.10.13"]
[SourceQuality "1"]

1. d4 Nf6 2. Nf3 b6 3. g3 Bb7 4. Bg2 d5 5. 0-0 e6 6. c4 Nbd7 7. Qa4 c6 8. Nc3 Bd6 9. Nd2 0-0 10. e4 dxe4 11. Ndxe4 Nxe4 12. Nxe4 Be7 13. Bf4 Nf6 14. Nxf6+ Bxf6 15. Rad1 Qc8 16. Bd6 Rd8 17. c5 Qd7 18. Rfe1 Be7 19. Bxe7 b5 20. Qb3 Qxe7 21. d5 cxd5 22. Qxb5 Qc7 23. Rc1 Bc6 24. Qd3 Rab8 25. b3 Qa5 26. Qc2 Qb4 27. Red1 Qa3 28. Rd2 Rb4 29. Qb2 Qxb2 30. Rxb2 Rdb8 31. Rcb1 Kf8 32. a3 R4b7 33. b4 Bb5 34. f4 Ke7 35. Kf2 Kd7 36. Ke3 Kc6 37. Kd4 Re7 38. Re1 Rbe8 39. Rb3 Bc4 40. Rbe3 g6 41. g4 a5 42. f5 axb4 43. axb4 Kb5 44. fxe6 fxe6 45. g5 Rf8 46. Rxe6 Rf4+ 47. Ke5 Rxe6+ 48. Kxe6 d4+ 49. Ke5 Rf2 50. c6 Kb6 51. Be4 d3 52. c7 Rf8 53. Kd4 d2 54. Rd1 Bb3 55. Rxd2 Kxc7 56. Rd3 Ba4 57. Rh3 Rf7 58. Bd5 Rf5 59. Kc5 Rxg5 60. Rxh7+ Kd8 61. Kd6 Rf5 62. Rh8+ Be8 63. b5 Rh5 64. Rxh5 gxh5 65. b6 Kc8 66. h4 Bg6 67. Bf3 Bf5 68. Ke5 Bh3 69. Kf4 Bf1 70. Kg5 Ba6 71. Kxh5 Kd7 72. Kg6 Ke7 73. Kg7 1-0

[Event "Yerevan op 2nd"]
[Site "Yerevan"]
[Date "2017.09.23"]
[Round "5"]
[White "Aitbayev, Aslan"]
[Black "Pluzyan, Aram"]
[Result "1-0"]
[WhiteElo "2427"]
[BlackElo "2079"]
[PlyCount "75"]
[EventDate "2017.09.19"]
[EventType "swiss"]
[EventRounds "9"]
[EventCountry "ARM"]
[SourceTitle "CBM 180 Extra"]
[Source "ChessBase"]
[SourceDate "2017.10.06"]
[SourceVersion "1"]
[SourceVersionDate "2017.10.06"]
[SourceQuality "1"]

1. e4 c5 2. Nf3 Nc6 3. Bb5 g6 4. Bxc6 dxc6 5. h3 Bg7 6. d3 e5 7. Be3 Qe7 8. Nc3 Nf6 9. Qd2 Nd7 10. Bh6 Bxh6 11. Qxh6 f6 12. 0-0 Nf8 13. Nh4 Rg8 14. f4 Qg7 15. Qxg7 Rxg7 16. fxe5 fxe5 17. Nf3 Re7 18. Rf2 b6 19. Raf1 Nd7 20. Ng5 Ba6 21. b3 Rb8 22. Nd1 b5 23. c4 b4 24. Nb2 Bc8 25. Na4 Rb7 26. Kh2 Rc7 27. Kg3 Rb7 28. Rf7 h6 29. Rxe7+ Kxe7 30. Nf7 h5 31. Kh4 Rb8 32. Nh8 Kd6 33. Nxg6 Bb7 34. Kxh5 Rg8 35. Kg5 Bc8 36. h4 Rg7 37. h5 Rh7 38. h6 1-0

[Event "Poti Aleksandria Cup"]
[Site "Poti"]
[Date "2011.07.12"]
[Round "2"]
[White "Shanava, Konstantine"]
[Black "Pluzyan, Aram"]
[Result "1-0"]
[WhiteElo "2535"]
[BlackElo "2143"]
[PlyCount "55"]
[EventDate "2011.07.11"]
[EventType "swiss"]
[EventRounds "9"]
[EventCountry "GEO"]
[SourceTitle "CBM 143 Extra"]
[Source "ChessBase"]
[SourceDate "2011.08.29"]
[SourceVersion "1"]
[SourceVersionDate "2011.08.29"]
[SourceQuality "1"]

1. e4 c5 2. Nc3 Nc6 3. f4 g6 4. Nf3 Bg7 5. d3 d6 6. g3 e6 7. Bg2 Nge7 8. h3 0-0 9. 0-0 Rb8 10. Ne2 d5 11. e5 f6 12. c3 b6 13. g4 Ba6 14. exf6 Bxf6 15. Re1 Qd6 16. d4 Rbc8 17. a3 Na5 18. b4 Nc4 19. Ra2 Rce8 20. Ng3 Bc8 21. Kh2 Bd7 22. Rae2 a5 23. bxc5 bxc5 24. Ne5 Bxe5 25. dxe5 Qc7 26. Rf2 Nc6 27. f5 Qd8 28. Bxd5 1-0

[Event "Jermuk Asrian Memorial 4th"]
[Site "Jermuk"]
[Date "2011.06.21"]
[Round "6"]
[White "Pluzyan, Aram"]
[Black "Dubov, Daniil"]
[Result "0-1"]
[WhiteElo "2119"]
[BlackElo "2505"]
[PlyCount "70"]
[EventDate "2011.06.16"]
[EventType "swiss"]
[EventRounds "9"]
[EventCountry "ARM"]
[SourceTitle "CBM 143 Extra"]
[Source "ChessBase"]
[SourceDate "2011.08.29"]
[SourceVersion "1"]
[SourceVersionDate "2011.08.29"]
[SourceQuality "1"]

1. e4 c5 2. Nf3 d6 3. d4 cxd4 4. Nxd4 Nf6 5. Nc3 Nc6 6. Bg5 Bd7 7. Qd2 Rc8 8. Be2 Qb6 9. Nb3 e6 10. Be3 Qc7 11. f3 Be7 12. Nb5 Qb8 13. Bf4 Ne5 14. 0-0-0 Rc6 15. g4 0-0 16. g5 Nh5 17. Be3 Rfc8 18. N5d4 R6c7 19. f4 Nc4 20. Bxc4 Rxc4 21. Kb1 Qc7 22. Qe2 g6 23. c3 e5 24. fxe5 dxe5 25. Nf5 gxf5 26. Qxh5 Rxe4 27. Nc5 Bxc5 28. Bxc5 Be6 29. Ba3 Qc4 30. b3 Qxc3 31. Rc1 Qd3+ 32. Ka1 Qd4+ 33. Bb2 Rxc1+ 34. Rxc1 Qd2 35. Ba3 Re2 0-1

[Event "Moscow op-E"]
[Site "Moscow"]
[Date "2011.02.04"]
[Round "7.100"]
[White "Pluzyan, Aram"]
[Black "Khatoev, Eduard"]
[Result "1/2-1/2"]
[WhiteElo "2105"]
[BlackElo "2270"]
[PlyCount "106"]
[EventDate "2011.01.29"]
[EventType "swiss"]
[EventRounds "9"]
[EventCountry "RUS"]
[SourceTitle "EXT 2022"]
[Source "ChessBase"]
[SourceDate "2021.10.06"]
[SourceVersion "1"]
[SourceVersionDate "2021.10.06"]
[SourceQuality "1"]

1. e4 c5 2. Nf3 d6 3. d4 cxd4 4. Nxd4 Nf6 5. Nc3 a6 6. Be2 e5 7. Nb3 Be7 8. 0-0 0-0 9. Be3 Be6 10. Nd5 Nbd7 11. f3 Nxd5 12. exd5 Bf5 13. c4 Bg5 14. Qd2 Bxe3+ 15. Qxe3 a5 16. Kh1 Qh4 17. Rac1 a4 18. Nd2 Nf6 19. Rfd1 Rfe8 20. Nf1 e4 21. f4 Bg4 22. Rd2 Bxe2 23. Rxe2 b5 24. cxb5 Nxd5 25. Qd4 Qxf4 26. Rd1 Qg4 27. Red2 Nf6 28. Ne3 Qg5 29. b6 Rab8 30. Qxd6 h5 31. Qd4 Ng4 32. Nxg4 hxg4 33. Re2 g3 34. Rde1 Qh6 35. h3 Rxb6 36. Qxa4 Rbe6 37. Re3 f5 38. Rxg3 f4 39. Rg4 f3 40. Qc2 e3 41. gxf3 Qxh3+ 42. Kg1 Qxf3 43. Rg2 e2 44. Qc3 Qf7 45. Qc4 Qa7+ 46. Kh1 Kf8 47. Rexe2 Rh6+ 48. Rh2 Rxh2+ 49. Kxh2 Rxe2+ 50. Qxe2 Qa8 51. Qb5 Ke7 52. Kg3 Kd6 53. Qb6+ Kd5 1/2-1/2

[Event "Jermuk Asrian Memorial 3rd"]
[Site "Jermuk"]
[Date "2010.10.07"]
[Round "3"]
[White "Pluzyan, Aram"]
[Black "Manukyan, Sargis V"]
[Result "1/2-1/2"]
[WhiteElo "2089"]
[BlackElo "2223"]
[PlyCount "92"]
[EventDate "2010.10.05"]
[EventType "swiss"]
[EventRounds "9"]
[EventCountry "ARM"]
[SourceTitle "CBM 138 Extra"]
[Source "ChessBase"]
[SourceDate "2010.10.29"]
[SourceVersion "1"]
[SourceVersionDate "2010.10.29"]
[SourceQuality "1"]

1. e4 e6 2. d4 d5 3. Nd2 Be7 4. Bd3 c5 5. dxc5 Nd7 6. b4 a5 7. Bb2 Bf6 8. Bxf6 Qxf6 9. c6 bxc6 10. bxa5 Rxa5 11. Ngf3 Ne7 12. 0-0 Ba6 13. a4 0-0 14. Nb3 Bxd3 15. cxd3 Ra6 16. Re1 Qc3 17. exd5 Nxd5 18. Nfd4 Qb4 19. Rc1 c5 20. Rc4 Qb6 21. a5 Qd6 22. Nb5 Qb8 23. Nc3 Nxc3 24. Rxc3 Qd6 25. Qc2 Qd5 26. Ra1 Rc8 27. h3 h6 28. d4 c4 29. Nc5 Nxc5 30. Rxc4 Rac6 31. Rc1 Qd8 32. Rxc5 Rxc5 33. dxc5 Qxa5 34. c6 Qc7 35. Rd1 Qb6 36. Rd6 Kf8 37. g3 Ke8 38. Qa4 Kf8 39. Qh4 Ke8 40. Qg4 Kf8 41. Qc4 Qb1+ 42. Kh2 Qb6 43. Kg2 Ke7 44. Rd7+ Ke8 45. Rd6 Ke7 46. Rd7+ Ke8 1/2-1/2

[Event "Jermuk Asrian Memorial 3rd"]
[Site "Jermuk"]
[Date "2010.10.06"]
[Round "2"]
[White "Simonian, Hrair"]
[Black "Pluzyan, Aram"]
[Result "1-0"]
[WhiteElo "2473"]
[BlackElo "2089"]
[PlyCount "123"]
[EventDate "2010.10.05"]
[EventType "swiss"]
[EventRounds "9"]
[EventCountry "ARM"]
[SourceTitle "CBM 138 Extra"]
[Source "ChessBase"]
[SourceDate "2010.10.29"]
[SourceVersion "1"]
[SourceVersionDate "2010.10.29"]
[SourceQuality "1"]

1. e4 c5 2. Nc3 Nc6 3. Bb5 Nd4 4. Bc4 Nf6 5. Nge2 a6 6. a4 e6 7. 0-0 d5 8. exd5 exd5 9. Ba2 Bg4 10. f3 Be6 11. Nxd4 cxd4 12. Ne2 d3 13. Nf4 dxc2 14. Qxc2 Bd6 15. Nxe6 fxe6 16. d3 0-0 17. Qe2 Qd7 18. g3 Rae8 19. Bb3 Kh8 20. Be3 e5 21. Kg2 Bb8 22. Bc5 Rf7 23. Rae1 Qc6 24. Rc1 Rc7 25. Be3 Qd7 26. Rxc7 Bxc7 27. Rc1 d4 28. Bf2 Bb8 29. Qc2 Nd5 30. Qc5 Ne7 31. Qc4 Rf8 32. Qe6 Qd8 33. Qg4 Qb6 34. Qe6 Qd8 35. Be1 Rf6 36. Qg4 Nf5 37. Bd2 Qf8 38. Qe4 Rb6 39. Bd1 Rxb2 40. Rc2 Rxc2 41. Bxc2 Qf7 42. Bb3 Ne3+ 43. Bxe3 Qxb3 44. Bf2 Qf7 45. g4 b5 46. Qa8 Qe8 47. a5 h5 48. Qxa6 hxg4 49. fxg4 Qd7 50. h3 e4 51. Qa8 Qe8 52. a6 Qe5 53. Qxe4 Qxe4+ 54. dxe4 Ba7 55. Be1 Kg8 56. Kf3 Kf7 57. e5 Ke6 58. Ke4 d3 59. Bc3 g5 60. Kxd3 Kd5 61. e6 Kxe6 62. Bd4 1-0

[Event "EU-ch U16"]
[Site "Batumi"]
[Date "2010.09.26"]
[Round "7"]
[White "Pluzyan, Aram"]
[Black "Petrosyan, Tigran S"]
[Result "1/2-1/2"]
[WhiteElo "2089"]
[BlackElo "2197"]
[PlyCount "149"]
[EventDate "2010.09.20"]
[EventType "swiss"]
[EventRounds "9"]
[EventCountry "GEO"]
[SourceTitle "CBM 138 Extra"]
[Source "ChessBase"]
[SourceDate "2010.10.29"]
[SourceVersion "1"]
[SourceVersionDate "2010.10.29"]
[SourceQuality "1"]

1. e4 e5 2. Nf3 Nc6 3. Bc4 Bc5 4. c3 Nf6 5. d3 a6 6. Bb3 Ba7 7. Nbd2 0-0 8. Nf1 d5 9. Qe2 dxe4 10. dxe4 Ng4 11. Ne3 Nxe3 12. Bxe3 Bxe3 13. Qxe3 Qe7 14. 0-0 Na5 15. Bc2 Nc4 16. Qe2 Qc5 17. Bd3 Nb6 18. Rac1 f6 19. Nd2 Be6 20. b4 Qe7 21. Nb3 Bf7 22. Rfd1 Rfd8 23. Na5 Rab8 24. a3 Rd7 25. Qe3 Na4 26. Be2 c5 27. Rxd7 Qxd7 28. Rd1 Qc7 29. Bg4 h5 30. Rd7 Qb6 31. Bd1 Qb5 32. Qd2 Nxc3 33. Rxf7 Nxd1 34. Rc7 cxb4 35. axb4 Qb6 36. Rd7 Nxf2 37. Qa2+ Kh8 38. Qxf2 Qxb4 39. Qe2 Qc5+ 40. Kh1 Qc1+ 41. Rd1 Qc7 42. Qxh5+ Kg8 43. Nb3 b5 44. Rc1 Qb6 45. Qe2 a5 46. Qa2 Qe6 47. Rc6 Qf7 48. Qc2 a4 49. Nd2 Qd7 50. Qa2+ Qf7 51. Qc2 Rd8 52. Rc8 Rxc8 53. Qxc8+ Kh7 54. Qh3+ Kg8 55. Qa3 Qd7 56. Qb4 Qd3 57. h3 a3 58. Qb3+ Qxb3 59. Nxb3 g6 60. Kg1 Kf7 61. Kf2 f5 62. Ke3 a2 63. Kf3 Kf6 64. g4 Kg5 65. exf5 gxf5 66. h4+ Kg6 67. g5 b4 68. Ke3 e4 69. Kf4 Kh5 70. Na1 Kg6 71. Nb3 Kh5 72. Ke3 Kg6 73. Kd4 Kh5 74. Na1 Kg6 75. Kc4 1/2-1/2

[Event "EU-ch U16"]
[Site "Batumi"]
[Date "2010.09.23"]
[Round "4"]
[White "Pluzyan, Aram"]
[Black "Lagarde, Maxime"]
[Result "0-1"]
[WhiteElo "2089"]
[BlackElo "2433"]
[PlyCount "60"]
[EventDate "2010.09.20"]
[EventType "swiss"]
[EventRounds "9"]
[EventCountry "GEO"]
[SourceTitle "CBM 138 Extra"]
[Source "ChessBase"]
[SourceDate "2010.10.29"]
[SourceVersion "1"]
[SourceVersionDate "2010.10.29"]
[SourceQuality "1"]

1. e4 c5 2. Nf3 d6 3. d4 cxd4 4. Nxd4 Nf6 5. Nc3 a6 6. Bg5 e6 7. f4 Nc6 8. Qd2 h6 9. Bxf6 Qxf6 10. Nf3 Qd8 11. 0-0-0 Be7 12. Kb1 b5 13. Nd4 Bb7 14. f5 Nxd4 15. Qxd4 Bf6 16. Qe3 0-0 17. fxe6 fxe6 18. Ne2 Be5 19. g3 Qg5 20. Qxg5 hxg5 21. Bh3 Rae8 22. Nd4 Rf6 23. Rhe1 Kf7 24. Bg4 Rf2 25. Nf3 Bf6 26. a3 Rc8 27. Rd2 Rxd2 28. Nxd2 Rc5 29. Nf3 Ke7 30. b4 Rc4 0-1

[Event "Moscow op-B"]
[Site "Moscow"]
[Date "2009.02.08"]
[Round "9"]
[White "Mayorov, Vasili"]
[Black "Pluzyan, Aram"]
[Result "1/2-1/2"]
[WhiteElo "2074"]
[BlackElo "1400"]
[PlyCount "49"]
[EventDate "2009.01.31"]
[EventType "swiss"]
[EventRounds "9"]
[EventCountry "RUS"]
[SourceTitle "EXT 2012"]
[Source "ChessBase"]
[SourceDate "2011.11.24"]
[SourceVersion "1"]
[SourceVersionDate "2011.11.24"]
[SourceQuality "1"]

1. c4 c5 2. Nc3 Nc6 3. g3 g6 4. Bg2 Bg7 5. a3 d6 6. Rb1 a5 7. d3 e5 8. Nf3 Nge7 9. Bg5 h6 10. Bxe7 Nxe7 11. Qb3 0-0 12. Na4 Rb8 13. Nb6 Be6 14. Nd2 Nc6 15. e3 Bf5 16. Nd5 Kh7 17. 0-0 g5 18. Qb6 Qxb6 19. Nxb6 Bf6 20. Nd5 Bd8 21. Nc3 Be7 22. Nb5 Rbc8 23. Bd5 Bd7 24. Nc3 Bd8 25. Nb5 1/2-1/2

[Event "Moscow op-B"]
[Site "Moscow"]
[Date "2009.02.06"]
[Round "7"]
[White "Pluzyan, Aram"]
[Black "Kretov, Evgenij"]
[Result "0-1"]
[WhiteElo "1400"]
[BlackElo "2181"]
[PlyCount "82"]
[EventDate "2009.01.31"]
[EventType "swiss"]
[EventRounds "9"]
[EventCountry "RUS"]
[SourceTitle "EXT 2012"]
[Source "ChessBase"]
[SourceDate "2011.11.24"]
[SourceVersion "1"]
[SourceVersionDate "2011.11.24"]
[SourceQuality "1"]

1. e4 c5 2. Nf3 Nc6 3. Bb5 a6 4. Bxc6 dxc6 5. d3 Qc7 6. h3 e5 7. 0-0 Bd6 8. Be3 Ne7 9. Nbd2 0-0 10. Nc4 Ng6 11. Nxd6 Qxd6 12. Nd2 Nf4 13. Bxf4 exf4 14. Nc4 Qc7 15. Qh5 f5 16. e5 Be6 17. Nd6 Qe7 18. Rfe1 Rab8 19. b3 Kh8 20. a4 a5 21. Kh2 Rbd8 22. Rad1 g5 23. Qh6 Rg8 24. d4 Rg6 25. Qh5 Rdg8 26. Qf3 g4 27. Qxf4 gxh3 28. g3 Rg4 29. Qh6 R8g6 30. Qd2 f4 31. Rg1 h5 32. Ne4 h4 33. dxc5 fxg3+ 34. Nxg3 hxg3+ 35. fxg3 Qxc5 36. Rde1 Qd4 37. Qe2 Kg7 38. Rd1 Re4 39. Qf3 Qxe5 40. Rd2 Re3 41. Qd1 Rexg3 0-1